| 000 | 00509nam a2200169 a 4500 | ||
|---|---|---|---|
| 001 | 5244 | ||
| 003 | CDMR | ||
| 005 | 20130320111203.0 | ||
| 008 | 130130s1995||||||||||||||||||||||||||||d | ||
| 020 | _a8486837537 | ||
| 040 |
_aCDMR _bcat _cCPC GIRONA |
||
| 110 |
_91047 _aGirona _b -- Ajuntament |
||
| 245 | 0 |
_aMossé ben Nahman i el seu temps _b: Simposi commemoratiu del vuitè centenari del seu naixement 1194-1994 |
|
| 260 |
_c1995 _bAjuntament de Girona |
||
| 490 | 0 |
_aHistòria de Girona _v23 |
|
| 942 |
_cMON _2ddc |
||
| 999 |
_c5244 _d5244 |
||